ARRUPE JESUIT UNIVERSITY

CORONAVIRUS -STOP THE SPREAD - CLEAN,DISINFECT,COVER

Redeeming the past : (Record no. 121177)

MARC details
000 -LEADER
fixed length control field 02130cam a2200457 a 4500
001 - CONTROL NUMBER
control field 9678549
003 - CONTROL NUMBER IDENTIFIER
control field ARRUPE
005 - DATE AND TIME OF LATEST TRANSACTION
control field 20141105111136.0
008 - FIXED-LENGTH DATA ELEMENTS--GENERAL INFORMATION
fixed length control field 120525s2012 nyua b 001 0aeng
010 ## - LIBRARY OF CONGRESS CONTROL NUMBER
LC control number 2012017293
020 ## - INTERNATIONAL STANDARD BOOK NUMBER
International Standard Book Number 9781570759925 (cloth)
020 ## - INTERNATIONAL STANDARD BOOK NUMBER
International Standard Book Number 1570759928 (cloth)
020 ## - INTERNATIONAL STANDARD BOOK NUMBER
International Standard Book Number 9781608332274 (hbk.)
020 ## - INTERNATIONAL STANDARD BOOK NUMBER
International Standard Book Number 1608332276 (hbk.)
024 ## - OTHER STANDARD IDENTIFIER
Standard number or code 40021274523
035 ## - SYSTEM CONTROL NUMBER
System control number (OCoLC)ocn788299034
035 ## - SYSTEM CONTROL NUMBER
System control number (OCoLC)788299034
035 ## - SYSTEM CONTROL NUMBER
System control number (NNC)9678549
040 ## - CATALOGING SOURCE
Original cataloging agency DLC
Language of cataloging eng
Transcribing agency DLC
Modifying agency BTCTA
-- BDX
-- KAT
-- MNJ
-- UKMGB
042 ## - AUTHENTICATION CODE
Authentication code pcc
043 ## - GEOGRAPHIC AREA CODE
Geographic area code f-sa---
050 00 - LIBRARY OF CONGRESS CALL NUMBER
Classification number BX5700.6.Z8
Item number L378 2012
082 00 - DEWEY DECIMAL CLASSIFICATION NUMBER
Classification number 283.092
-- B
Edition number 23
300 ## - PHYSICAL DESCRIPTION
Other physical details ill. ;
Dimensions 25 cm.
100 1# - MAIN ENTRY--PERSONAL NAME
Personal name Lapsley, Michael.
9 (RLIN) 12396
245 10 - TITLE STATEMENT
Title Redeeming the past :
Remainder of title my journey from freedom fighter to healer /
Statement of responsibility, etc Michael Lapsley with Stephen Karakashian.
260 ## - PUBLICATION, DISTRIBUTION, ETC. (IMPRINT)
Place of publication, distribution, etc Maryknoll, NY :
Name of publisher, distributor, etc Orbis Books,
Date of publication, distribution, etc c2012.
300 ## - PHYSICAL DESCRIPTION
Extent xvi, 256 p. :
504 ## - BIBLIOGRAPHY, ETC. NOTE
Bibliography, etc Includes bibliographical references and index.
505 0# - FORMATTED CONTENTS NOTE
Formatted contents note The bombing -- Recovery -- Disability: accepting brokenness -- A home-grown faith -- South Africa: torn apart -- A crisis of faith -- Lesotho: living in exile -- Zimbabwe: the struggle is everything -- Returning to South Africa: forging a new identity -- Breaking the chain of history -- Truth, amnesty, and restitution -- Deceptively simple -- Founding the Institute for Healing of Memories -- Cuba -- Rwanda and the genocide -- Australia's stolen generation -- Zimbabwe: the agony continues -- Torture -- Healing memories in the United States -- Pedro, a guerilla fighter for peace -- Looking forward, daring to hope.
600 10 - SUBJECT ADDED ENTRY--PERSONAL NAME
Personal name Lapsley, Michael.
9 (RLIN) 12397
610 20 - SUBJECT ADDED ENTRY--CORPORATE NAME
Corporate name or jurisdiction name as entry element Church of the Province of Southern Africa
General subdivision Clergy
Form subdivision Biography.
9 (RLIN) 12398
650 #0 - SUBJECT ADDED ENTRY--TOPICAL TERM
Topical term or geographic name as entry element Pain
General subdivision Religious aspects
-- Christianity.
9 (RLIN) 12399
650 #0 - SUBJECT ADDED ENTRY--TOPICAL TERM
Topical term or geographic name as entry element Suffering
General subdivision Religious aspects
-- Christianity.
9 (RLIN) 12400
650 #0 - SUBJECT ADDED ENTRY--TOPICAL TERM
Topical term or geographic name as entry element Church work.
9 (RLIN) 12401
651 #0 - SUBJECT ADDED ENTRY--GEOGRAPHIC NAME
Geographic name Africa
General subdivision Church history
Chronological subdivision 20th century.
9 (RLIN) 6161
700 1# - ADDED ENTRY--PERSONAL NAME
Personal name Karakashian, Stephen.
9 (RLIN) 12402
942 ## - ADDED ENTRY ELEMENTS (KOHA)
Source of classification or shelving scheme Library of Congress Classification
Koha item type Monograph ( Printed materials)
948 1# - LOCAL PROCESSING INFORMATION (OCLC); SERIES PART DESIGNATOR (RLIN)
Series part designator, SPT (RLIN) 20120911
b (OCLC) c
c (OCLC) ybp22
d (OCLC) MPS
949 ## - LOCAL PROCESSING INFORMATION (OCLC)
i 0071539506
Holdings
Withdrawn status Lost status Source of classification or shelving scheme Damaged status Not for loan Collection code Home library Current library Shelving location Date acquired Total Checkouts Full call number Barcode Date last seen Price effective from Koha item type
    Library of Congress Classification     Main Collection ARRUPE LIBRARY ARRUPE LIBRARY Main Collection 05/11/2014   BX5700.6.Z8 L378 2012 46500001252 22/11/2017 05/11/2014 Monograph ( Printed materials)

 

Arrupe Library. PO Box MP320 Mt Pleasant, Harare, Zimbabwe
263 242 745411|librarian@aju.ac.zw